000 00624nam a2200205Ia 4500
005 20230819115358.0
008 131103s9999 xx 000 0 und d
020 _aRs.8
040 _aLoreto College
041 _aEnglish
082 _a913.031
_bCRO
100 _aCross,Frank Moore
245 4 _aThe Ancient library of qumran and modern biblical studies
_b the Haskell lectures 1956 - 1957
_cFrank Moore Cross
260 _aLondon
_bGerald Duckworth & Co.
_c1958
300 _axvi,196 p.
_b illus.
504 _aIncludes bibliographical references and index
650 _aArchaelogy
850 _aLCLIB
942 _cBK
999 _c12886
_d63365